000 00678cam a2200229 4500
001 6023
010 _a9789722120630
021 _b285479/08
090 _a6023
100 _a20250929d2009 c y0pory5003 ba
200 1 _aNão venham já ou uma casa virada do avesso
_fJoão Pedro Mésseder
_gil. Luís Henriques
210 _a[Lisboa]
_cCaminho
_dimp. 2009
215 _a[28] p.
_cil.
606 _914
_aLiteratura infantil
606 _915
_aLiteratura Portuguesa
675 _a82-93
_vBN
_zpor
675 _a821.134.3
_vBN
_zpor
700 _aMesseder
_bJoão Pedro
_91081
702 _aHenriques
_bLuís
_9903
801 0 _aPT
_bBEN2VN
_gRPC
830 _cTânia Croca
_d29/09/2025
990 _cLIVROS